| 000 | 01341nam a2200289 i 4500 | ||
|---|---|---|---|
| 001 | 16301 | ||
| 003 | DO-SdUEMH | ||
| 005 | 20260130163422.0 | ||
| 007 | ta | ||
| 008 | 211105s2010||||dr |||gr|||| 0|| | spa d | ||
| 040 |
_aDO-SdUEMH _bspa _erda |
||
| 041 | _aspa | ||
| 082 | 1 | 4 |
_aRD346.064 R426M 2010 _mRD _bG136 |
| 084 | _b11-00104 | ||
| 100 | 1 |
_aGago Clérico, Luis _eaut |
|
| 110 | _aRepública Dominicana: Ministerio de Economía, Planificación y Desarrollo: Centro Nacional de Fomento y Promoción de las Asociaciones sin Fines de Lucro | ||
| 245 | 0 |
_aMarco Jurídico de las Asociaciones sin Fines de Lucro en República Dominicana: _bLey 122-05 y decreto 40-08 _cLuis Gago Clérico |
|
| 260 | _c2010 | ||
| 264 | 1 |
_aSanto Domingo, República Dominicana : _bPubliguías, _c2010 |
|
| 300 |
_a247 páginas : _c21 cm. |
||
| 336 |
_2rdacontent _atexto _btxt |
||
| 337 |
_2rdamedia _asin mediación _bn |
||
| 338 |
_2rdacarrier _avolumen _bnc |
||
| 505 | 2 | _aMarco Jurídico de las Asociaciones sin Fines de Lucro -- El Centro Nacional de Fomento y Promoción de las Asociaciones sin Fines de Lucro -- La Ley 122-05 para la Regulación y Fomento de las Asociaciones sin Fines de Lucro en República Dominicana -- Decreto 40-08 por el que se Aprueba el Reglamento para la Aplicación de la Ley 122-05. | |
| 942 |
_2ddc _cBK _n0 |
||
| 999 |
_c16301 _d16301 |
||